Statistiken für Die bekannteste Person aus jedem Land

Klicken Sie hier um das Quiz zu spielen!

Allgemein

  • Dieses Quiz wurde 468 mal gespielt
  • Das Durchschnittsergebnis liegt bei 5 aus 32

Antwortstatistiken

LandPerson% Korrekt
Vereinigtes KönigreichKönigin Elisabeth II
87%
RusslandVladimir Putin
50%
PortugalChristiano Ronaldo
48%
NordkoreaKim Jong-Un
44%
ArgentinienLeonel Messi
41%
TürkeiRecep Tayyip Erdoğan
38%
FrankreichEmmanuel Macron
31%
USAJoe Biden
30%
KanadaJustin Bieber
16%
Dänemark
16%
ChinaXi Jinping
12%
ÄgyptenRa
10%
KolumbienShakira
10%
GriechenlandZeus
7%
DeutschlandRobin Schulz
5%
SchwedenPewDiePie
4%
IsraelUri Geller
4%
SüdkoreaPsy
3%
PolenAndrzej Duda
2%
KasachstanBorat
2%
ItalienEros Ramazzotti
2%
RumänienGraf Dracula
2%
ÄthiopienThe Weeknd
2%
SpanienEnrique Iglesias
1%
JapanHayao Miyazaki
1%
ThailandLalisa Manobal
1%
NiederlandeMartin Garrix
1%
UkraineVolodymyr Zelenskyy
1%
IndonesienJoko Widodo
0%
AustralienSia
0%
UsbekistanSolomon Park
0%
TaiwanTzuyu
0%

Verteilung der Resultate

Perzentil nach korrekt beantworteten Fragen

Anzahl Personen mit jedem Resultat

Ihre Resultats-Entwicklung

Sie haben dieses Quiz noch nicht gespielt